Landscapes of urban memory : (Record no. 11355)

000 -LEADER
fixed length control field 01255cam a2200301 a 4500
001 - CONTROL NUMBER
control field 12309907
005 - DATE AND TIME OF LATEST TRANSACTION
control field 20230307171216.0
008 - FIXED-LENGTH DATA ELEMENTS--GENERAL INFORMATION
fixed length control field 010214s2001 mnu b 001 0 eng
010 ## - LIBRARY OF CONGRESS CONTROL NUMBER
LC control number 2001000492
020 ## - INTERNATIONAL STANDARD BOOK NUMBER
International Standard Book Number 081663615X (HC : alk. paper)
020 ## - INTERNATIONAL STANDARD BOOK NUMBER
International Standard Book Number 0816636168 (PB : alk. paper)
040 ## - CATALOGING SOURCE
Original cataloging agency DLC
Transcribing agency DLC
Modifying agency DLC
043 ## - GEOGRAPHIC AREA CODE
Geographic area code a-ii---
050 00 - LIBRARY OF CONGRESS CALL NUMBER
Classification number HC440.H53
Item number S65 2001
082 00 - DEWEY DECIMAL CLASSIFICATION NUMBER
Classification number 307.76/0954
Edition number 21
100 1# - MAIN ENTRY--PERSONAL NAME
Personal name Srinivas, Smriti.
245 10 - TITLE STATEMENT
Title Landscapes of urban memory :
Remainder of title the sacred and the civic in India's high-tech city /
Statement of responsibility, etc. Smriti Srinivas.
260 ## - PUBLICATION, DISTRIBUTION, ETC.
Place of publication, distribution, etc. Minneapolis :
Name of publisher, distributor, etc. University of Minnesota Press,
Date of publication, distribution, etc. c2001.
300 ## - PHYSICAL DESCRIPTION
Extent xxviii, 329 p. :
Other physical details ill. ;
Dimensions 24 cm.
440 #0 - SERIES STATEMENT/ADDED ENTRY--TITLE
Title Globalization and community ;
Volume/sequential designation v. 9
504 ## - BIBLIOGRAPHY, ETC. NOTE
Bibliography, etc. note Includes bibliographical references and index.
650 #0 - SUBJECT ADDED ENTRY--TOPICAL TERM
Topical term or geographic name entry element High technology industries
Geographic subdivision India
-- Bangalore.
650 #0 - SUBJECT ADDED ENTRY--TOPICAL TERM
Topical term or geographic name entry element Urban beautification
Geographic subdivision India
-- Bangalore.
650 #0 - SUBJECT ADDED ENTRY--TOPICAL TERM
Topical term or geographic name entry element Hinduism
General subdivision Social aspects
Geographic subdivision India
-- Bangalore.
906 ## - LOCAL DATA ELEMENT F, LDF (RLIN)
a 7
b cbc
c orignew
d 1
e ecip
f 20
g y-gencatlg
925 0# -
-- acquire
-- 2 shelf copies
-- policy default
955 ## - COPY-LEVEL INFORMATION (RLIN)
-- sd06 2002-12-20 to BCCD
-- sf04 2003-03-17 copy 2 to BCCD
Holdings
Withdrawn status Lost status Source of classification or shelving scheme Damaged status Not for loan Permanent Location Current Location Date acquired Source of acquisition Cost, normal purchase price Total Checkouts Total Renewals Full call number Barcode Date last seen Date last checked out Cost, replacement price Price effective from Koha item type
          BMS College of Architecture, Design and Planning BMS College of Architecture, Design and Planning 2023-03-17 1 2062.96 5 1 307.760 SRI AR-PG617 2025-06-25 2025-06-19 2563.72 2023-03-17 PG Books
          BMS College of Architecture, Design and Planning BMS College of Architecture, Design and Planning 2023-03-17 1 2062.96 1   307.760 SRI AR-PG623 2025-02-13 2025-02-03 2563.72 2023-03-17 PG Books
Copyright © 2025, The Librarian, Library and Information Centre, BMSCA D&P, Bengaluru. All Rights Reserved
web counter

Powered by Koha